| 000 | 00545nam a2200217 a 4500 | ||
|---|---|---|---|
| 001 | 2937 | ||
| 003 | CDMR | ||
| 005 | 20131025130139.0 | ||
| 008 | 130130s1966||||||||||||||||||||||||||||d | ||
| 040 |
_aCDMR _bcat _cCDMR |
||
| 100 | 1 |
_aPrinet, Jean _92159 |
|
| 245 | 1 | 0 | _aNadar |
| 260 |
_aParis _c1966 _bArmand Colin |
||
| 300 | _a284 p. | ||
| 490 |
_akiosque _v15 |
||
| 600 | 1 |
_94188 _aNadar, Félix _d1820-1910 |
|
| 650 | 0 | 4 |
_93074 _aPeriodistes _vBiografia |
| 650 | 0 | 4 |
_93097 _aFotògrafs |
| 700 |
_94044 _aDilasser, Antoinette |
||
| 942 |
_cMON _2udc |
||
| 999 |
_c2937 _d2937 |
||